000 00312nam a2200133Ia 4500
008 220216s9999 xx 000 0 und d
100 _ade Boer G
245 0 _aTennis on rubber asphalt
260 _bRubber Developments
_c1952
300 _a27-29
650 _aRubber asphalt
650 _aTennis
942 _cJS
999 _c70376
_d70376